000 00605nam a2200253Ia 4500
003 OSt
005 20220918200822.0
006 a|||||r|||| 00| 0
007 ta
008 220917b |||||||| |||| 00| 0 eng d
024 _a90,429
037 _cTextual
040 _aARTS
_cARTS
_beng
041 _2eng
_aeng
082 _aU8:593:N3, F6
100 _aGardner Monica M
_995694
245 0 _aPoland
250 _a2nd
260 _c1926
490 _aPeeps at many lands
650 _aGEOGRAPHY
942 _hU8:593:N3, F6
_cTEXL
_2CC
999 _c214092
_d214092